1281 1281 1108 1047 1773 1069 1355 1289 1000 1263 1247 1921 1739 1560 1386 1540 1205 1846 2000 1229 1296 1267 1218 1255 1758 1258 1268 1469 1322 1501 1436 1376 1862 1955 1114 1633 1483 1062 1456 1920 1836 1217 1356 1111 1717 1386 1652 1794 1984 1374 1933 1509 1907 1116 1890 1576 1213 1829 1481 1248 1552 1349 1396 1718 1891 1479 1099 1238 1560 1368 1390 1173 1738 1174 1943 1416 1056 1699 1908 1833 1510 1621 1299 1615 1214 1307 1928 1209 1483 1884 1805 1920 1064 1313 1035 1771 1457 1154 1251 BCNSPRNW ULIB Ver.6.0+V

เปลี่ยนเป็นภาษาไทย

Change to English
 แสดงรายละเอียดบรรณานุกรม
  กลับหน้าหลัก

Brief Record : Get Marc (ISO 2709) : E-mail record : QR code < ปิดหน้าต่าง
LEADER : 00000nam 2200000uu 4500
001    13399120789
003     ULIB
008    121017s2551||||th 000 0 tha d
020    9789744915412
050  4 BF481^bล711ย
100 0  ลูกปัด
245 00 ยิ้มให้กับชีวิต^cลูกปัด
260    กรุงเทพฯ :^b ใยไหม,^c2551
945    ^p159^l0^i024424
999    ^aใช้งานได้ทุกระบบ
รายการนี้ยังไม่มีแท็ก
คุณยังไม่ได้ล็อกอิน คุณสามารถมีกิจกรรมร่วมกับเว็บไซต์ได้ แต่ต้องล็อกอินก่อน ::
  ล็อกอิน

รายการสื่อสารสนเทศ

ลำดับที่ ประเภท เลขเรียก/บาร์โค้ด สถานที่ สถานะ
1. การศึกษาทั่วไป
การศึกษาทั่วไป
BF481 ล711ย  
  Barcode: 024424
ห้องสมุดวิทยาเขตสวรรค์ประชารักษ์
►หนังสือทั่วไป
บนชั้น

BibComment


ยังไม่เคยถูกคอมเมนท์

คอมเมนท์ทรัพยากรรายการนี้
  คอมเมนท์: ยิ้มให้กับชีวิต ล..


 Copyright 2026. Bcnsprnw @Library